Catálogo

Mercadotecnia al alcance de todos / (Registro nro. 64675)

Detalles MARC
000 -LEADER
fixed length control field 00825cam a2200265 i 4500
001 - CONTROL NUMBER
control field 64675
003 - CONTROL NUMBER IDENTIFIER
control field Mx-PuUPA
005 - DATE AND TIME OF LATEST TRANSACTION
control field 20220910101348.0
008 - FIXED-LENGTH DATA ELEMENTS--GENERAL INFORMATION
fixed length control field 160405s2018 sp a g 000 f spa d
020 ## - INTERNATIONAL STANDARD BOOK NUMBER
International Standard Book Number 9786078550838
040 ## - CATALOGING SOURCE
Original cataloging agency Mx-PuUPA
Transcribing agency Mx-PuUPA
Description conventions rda
Modifying agency Mx-PuUPA
Language of cataloging spa
041 0# - LANGUAGE CODE
Language code of text/sound track or separate title spa
100 1# - MAIN ENTRY--PERSONAL NAME
9 (RLIN) 13273
Personal name Alvarez Horn, Hildegard Ivonne,
Relator term autor
245 10 - TITLE STATEMENT
Title Mercadotecnia al alcance de todos /
Statement of responsibility, etc. Hildegard Ivonne Alvarez Horn
250 ## - EDITION STATEMENT
Edition statement 1a edición
264 #1 - PRODUCTION, PUBLICATION, DISTRIBUTION, MANUFACTURE, AND COPYRIGHT NOTICE
Place of production, publication, distribution, manufacture Ciudad de México :
Name of producer, publisher, distributor, manufacturer Grupo Rodrigo Porrúa,
Date of production, publication, distribution, manufacture, or copyright notice 2018
300 ## - PHYSICAL DESCRIPTION
Extent 143 páginas ;
Dimensions 21 cm
336 ## - CONTENT TYPE
Content type term texto
Content type code txt
Fuente rdacontent
337 ## - MEDIA TYPE
Source rdamedia
Media type term sin medio
Media type code n
338 ## - CARRIER TYPE
Source rdacarrier
Carrier type term volumen
Carrier type code nc
650 #7 - SUBJECT ADDED ENTRY--TOPICAL TERM
Source of heading or term armarc
Topical term or geographic name entry element Mercadeo
942 ## - ADDED ENTRY ELEMENTS (KOHA)
Koha item type Libro
Source of classification or shelving scheme Dewey Decimal Classification
Classification part 658.8
Item part A472
Existencias
Withdrawn status Lost status Source of classification or shelving scheme Damaged status Not for loan Collection code Home library Current library Shelving location Date acquired Total Checkouts Full call number Barcode Date last seen Price effective from Koha item type Copy number
    Dewey Decimal Classification     General Tehuacán Tehuacán Sala general 10/09/2022   658.8 A472 2018 968000000936 08/01/2025 10/09/2022 Libro  
    Dewey Decimal Classification     General Tehuacán Tehuacán Sala general 13/03/2023   658.8 A472 2018 968000001380 08/01/2025 13/03/2023 Libro Ej.2